[Event "Buryatia-ch Superfinal 2nd"]
[Site "Ulan-Ude"]
[Date "2014.01.08"]
[Round "5"]
[White "Kharakhinov, Aldar"]
[Black "Irinchinov, Vladimir"]
[Result "1-0"]
[WhiteElo "2097"]
[BlackElo "1995"]
[PlyCount "103"]
[EventDate "2014.01.05"]
[EventType "swiss"]
[EventRounds "9"]
[EventCountry "RUS"]
[SourceTitle "EXT 2015"]
[Source "ChessBase"]
[SourceDate "2014.11.20"]
[SourceVersion "1"]
[SourceVersionDate "2014.11.20"]
[SourceQuality "1"]

1. c4 e5 2. g3 Nc6 3. Bg2 Nf6 4. d3 Bb4+ 5. Bd2 Bxd2+ 6. Qxd2 d5 7. cxd5 Nxd5 8. Nc3 Be6 9. Nf3 h6 10. Ne4 b6 11. Rc1 Qd7 12. 0-0 0-0 13. a3 f6 14. e3 Na5 15. Nc5 Qd6 16. Nxe6 Qxe6 17. Qc2 c5 18. d4 exd4 19. exd4 c4 20. Rce1 Qd7 21. Nh4 Rad8 22. Ng6 Rfe8 23. Bxd5+ Qxd5 24. Ne7+ Rxe7 25. Rxe7 Nc6 26. Re3 Qxd4 27. Re4 Qd3 28. Qxc4+ Qxc4 29. Rxc4 Ne5 30. Rc2 b5 31. Kg2 a6 32. Re1 Kf7 33. Rc7+ Kg6 34. Re2 h5 35. f4 Nc4 36. Kh3 Rd3 37. Ra7 a5 38. Ree7 a4 39. Rxg7+ Kf5 40. Rh7 Rb3 41. Rxh5+ Ke4 42. Rb7 f5 43. Re7+ Kf3 44. Rxf5 Rxb2 45. Rd5 Rb3 46. f5 Ne3 47. Rxe3+ Kxe3 48. f6 Ke4 49. f7 Rf3 50. Rxb5 Rxf7 51. Rb4+ Kf3 52. Rxa4 1-0

[Event "Buryatia-ch Superfinal 2nd"]
[Site "Ulan-Ude"]
[Date "2014.01.07"]
[Round "4"]
[White "Malanova, Aryuna"]
[Black "Kharakhinov, Aldar"]
[Result "1/2-1/2"]
[WhiteElo "1947"]
[BlackElo "2097"]
[PlyCount "111"]
[EventDate "2014.01.05"]
[EventType "swiss"]
[EventRounds "9"]
[EventCountry "RUS"]
[SourceTitle "EXT 2015"]
[Source "ChessBase"]
[SourceDate "2014.11.20"]
[SourceVersion "1"]
[SourceVersionDate "2014.11.20"]
[SourceQuality "1"]

1. e4 d6 2. d4 Nf6 3. Nc3 g6 4. Nf3 Bg7 5. Be2 0-0 6. 0-0 Nc6 7. Be3 Ng4 8. Bg5 h6 9. Bh4 Nf6 10. h3 Nh5 11. d5 Nb8 12. Nh2 Nf4 13. Bg4 g5 14. Bg3 e5 15. dxe6 fxe6 16. Bxf4 gxf4 17. Nf3 Nc6 18. Qd3 Ne5 19. Nxe5 Bxe5 20. Rab1 Qg5 21. Nb5 Qg7 22. c3 Kh8 23. Nd4 Rg8 24. Qf3 Qf6 25. Qd3 Qg7 26. Qf3 Qg6 27. Ne2 Bd7 28. Nxf4 Bxf4 29. Qxf4 e5 30. Qh2 Bxg4 31. hxg4 Qxe4 32. Qxh6+ Qh7 33. Qxh7+ Kxh7 34. f3 Raf8 35. Rbe1 Rf4 36. Kh2 Rgf8 37. Kg3 Ra4 38. a3 Kg6 39. Rh1 Ra5 40. Rh5 Rd5 41. Reh1 Rg8 42. Rh6+ Kf7 43. R1h5 Rg7 44. Rf5+ Ke7 45. g5 Rd2 46. b4 Rc2 47. Kh3 Rxc3 48. Kg4 e4 49. fxe4 Rxa3 50. Rff6 Ra2 51. g3 Ra3 52. Re6+ Kd7 53. Reg6 Rf7 54. Rf6 Rg7 55. Rfg6 Rf7 56. Rf6 1/2-1/2

[Event "Buryatia-ch Superfinal 2nd"]
[Site "Ulan-Ude"]
[Date "2014.01.06"]
[Round "2"]
[White "Brylev, Igor"]
[Black "Kharakhinov, Aldar"]
[Result "1-0"]
[WhiteElo "2161"]
[BlackElo "2097"]
[PlyCount "111"]
[EventDate "2014.01.05"]
[EventType "swiss"]
[EventRounds "9"]
[EventCountry "RUS"]
[SourceTitle "EXT 2015"]
[Source "ChessBase"]
[SourceDate "2014.11.20"]
[SourceVersion "1"]
[SourceVersionDate "2014.11.20"]
[SourceQuality "1"]

1. Nf3 g6 2. e4 Bg7 3. d4 d6 4. h3 Nf6 5. Bd3 0-0 6. 0-0 Nc6 7. c3 e5 8. dxe5 dxe5 9. Be3 Qe7 10. Qc1 Rd8 11. Rd1 b6 12. b4 Bb7 13. Qc2 Rd7 14. a4 Rad8 15. Rd2 h6 16. a5 Nh5 17. g3 Qf6 18. Nh2 Qe6 19. Be2 Rxd2 20. Bxd2 Nf6 21. Ng4 h5 22. Nxf6+ Bxf6 23. Bf1 Ne7 24. Be3 Qc6 25. axb6 axb6 26. Ra7 Nc8 27. Ra3 Qxe4 28. Qxe4 Bxe4 29. Nd2 Bd5 30. Bg2 Bxg2 31. Kxg2 Nd6 32. c4 Be7 33. Ra7 Nf5 34. Ne4 Nxe3+ 35. fxe3 Rc8 36. b5 Kf8 37. Nc3 c6 38. Na4 Bc5 39. Kf3 cxb5 40. cxb5 e4+ 41. Ke2 Kg7 42. Rb7 Bd6 43. Rxb6 Bxg3 44. Rc6 Ra8 45. Rc4 f5 46. b6 Kf6 47. b7 Ra5 48. Rb4 Bb8 49. Nc3 Re5 50. Rd4 Re8 51. Rc4 Bg3 52. Rc8 Kf7 53. Nd5 h4 54. Nf4 g5 55. Rxe8 gxf4 56. exf4 1-0

[Event "Buryatia-ch Superfinal 2nd"]
[Site "Ulan-Ude"]
[Date "2014.01.06"]
[Round "3"]
[White "Kharakhinov, Aldar"]
[Black "Baldarov, Aur"]
[Result "0-1"]
[WhiteElo "2097"]
[BlackElo "1847"]
[PlyCount "126"]
[EventDate "2014.01.05"]
[EventType "swiss"]
[EventRounds "9"]
[EventCountry "RUS"]
[SourceTitle "EXT 2015"]
[Source "ChessBase"]
[SourceDate "2014.11.20"]
[SourceVersion "1"]
[SourceVersionDate "2014.11.20"]
[SourceQuality "1"]

1. c4 c5 2. Nc3 b6 3. Nf3 Bb7 4. g3 Nf6 5. Bg2 e6 6. 0-0 Be7 7. b3 0-0 8. Bb2 d6 9. Re1 Nbd7 10. e4 a6 11. h3 Qc7 12. Kh2 Ne5 13. d4 Nxf3+ 14. Bxf3 cxd4 15. Qxd4 Rfd8 16. Rad1 Bf8 17. Bg2 h5 18. Na4 Nd7 19. h4 b5 20. cxb5 axb5 21. Nc3 Qa5 22. b4 Qa6 23. Bf1 Ne5 24. Bxb5 Nf3+ 25. Kh1 Qxb5 26. Nxb5 Nxd4 27. Rxd4 Rxa2 28. Rb1 e5 29. Rd5 Bxd5 30. exd5 Rb8 31. Nc3 Ra7 32. Bc1 Rc7 33. Rb3 f5 34. b5 Be7 35. Ba3 Rc4 36. Kg2 f4 37. Kf3 Rb6 38. Bc1 fxg3 39. fxg3 e4+ 40. Ke2 Bf6 41. Be3 Rb8 42. Nb1 Rc2+ 43. Nd2 Be5 44. Kd1 Ra2 45. Nxe4 Ra4 46. Nd2 Rb7 47. Bf2 Ra5 48. b6 Rxd5 49. Ke2 Bd4 50. Nf3 Bxf2 51. Kxf2 Ra5 52. Ng5 Ra6 53. Rc3 g6 54. Rc8+ Kg7 55. Ne6+ Kf6 56. Nf4 Kf5 57. Rf8+ Kg4 58. Ne2 Ra2 59. Rf4+ Kh3 60. Rb4 Rf7+ 61. Ke3 Re7+ 62. Kf4 Raxe2 63. b7 R7e5 0-1

[Event "Buryatia-ch Superfinal 2nd"]
[Site "Ulan-Ude"]
[Date "2014.01.05"]
[Round "1"]
[White "Kharakhinov, Aldar"]
[Black "Batchuluun, Tsegmed"]
[Result "1/2-1/2"]
[WhiteElo "2097"]
[BlackElo "2529"]
[PlyCount "120"]
[EventDate "2014.01.05"]
[EventType "swiss"]
[EventRounds "9"]
[EventCountry "RUS"]
[SourceTitle "EXT 2015"]
[Source "ChessBase"]
[SourceDate "2014.11.20"]
[SourceVersion "1"]
[SourceVersionDate "2014.11.20"]
[SourceQuality "1"]

1. c4 Nf6 2. Nf3 e6 3. g3 d5 4. Bg2 dxc4 5. Qa4+ Nbd7 6. Qxc4 a6 7. Qc2 Be7 8. 0-0 0-0 9. d4 Rb8 10. e4 b5 11. Bf4 Bb7 12. Bxc7 Qc8 13. Ne1 Ra8 14. Nd2 Bc5 15. dxc5 Qxc7 16. Nd3 a5 17. Rac1 Rfc8 18. a3 Ne5 19. Rfe1 Nfd7 20. Nxe5 Qxe5 21. b4 axb4 22. axb4 Ra4 23. Rb1 Bc6 24. Nf3 Qc7 25. Nd4 Ne5 26. Red1 Be8 27. Qc3 Rca8 28. Ra1 Rxa1 29. Rxa1 Rd8 30. Nf3 Nc6 31. Bf1 Qb7 32. h4 h6 33. Bg2 Kf8 34. Kh2 Qd7 35. Kh1 Qd3 36. Qe1 f6 37. e5 Bh5 38. Nh2 Nxe5 39. f4 Ng4 40. Nxg4 Bxg4 41. Rc1 Bf3 42. Qf2 Bxg2+ 43. Qxg2 Qe3 44. Rc2 Qe1+ 45. Kh2 Qxb4 46. c6 Rc8 47. Qe2 Kf7 48. Qd3 Rc7 49. f5 exf5 50. Qxf5 Qb3 51. Qh5+ Kg8 52. Re2 Qc4 53. Re8+ Kh7 54. Qf5+ g6 55. Qxf6 Qc2+ 56. Kh3 Qf5+ 57. Qxf5 gxf5 58. Rb8 Rxc6 59. Rxb5 Kg6 60. Rb3 Rc4 1/2-1/2

[Event "Izmailov Memorial op 15th"]
[Site "Tomsk"]
[Date "2011.06.08"]
[Round "8"]
[White "Malyshev, Sergey"]
[Black "Kharakhinov, Aldar"]
[Result "1/2-1/2"]
[WhiteElo "2311"]
[BlackElo "2062"]
[PlyCount "75"]
[EventDate "2011.06.01"]
[EventType "swiss"]
[EventRounds "9"]
[EventCountry "RUS"]
[SourceTitle "EXT 2013"]
[Source "ChessBase"]
[SourceDate "2012.11.22"]
[SourceVersion "1"]
[SourceVersionDate "2012.11.22"]
[SourceQuality "1"]

1. e4 d6 2. d4 g6 3. g3 Bg7 4. Bg2 Nf6 5. Ne2 0-0 6. 0-0 e5 7. h3 c6 8. Be3 Nbd7 9. Nbc3 Qe7 10. Qd2 exd4 11. Bxd4 Nc5 12. Qe3 Ne6 13. Nd5 cxd5 14. exd5 Nxd5 15. Bxd5 Bxd4 16. Nxd4 Qf6 17. Nb5 Ng7 18. Kh2 Qf5 19. c4 Qxh3+ 20. Kg1 Nf5 21. Qf4 a6 22. Nxd6 Nxd6 23. Qxd6 Be6 24. Bxb7 Bxc4 25. Rfe1 Rad8 26. Qc5 Be6 27. Rad1 Rxd1 28. Rxd1 Qg4 29. Qd6 Bc8 30. Bg2 Qa4 31. a3 Be6 32. Rd4 Qc2 33. Rb4 a5 34. Rb7 Qc1+ 35. Kh2 Qh6+ 36. Kg1 Qc1+ 37. Kh2 Qh6+ 38. Kg1 1/2-1/2

[Event "Izmailov Memorial op 15th"]
[Site "Tomsk"]
[Date "2011.06.03"]
[Round "3"]
[White "Kharakhinov, Aldar"]
[Black "Khismatullin, Denis Rimovich"]
[Result "0-1"]
[WhiteElo "2062"]
[BlackElo "2656"]
[PlyCount "102"]
[EventDate "2011.06.01"]
[EventType "swiss"]
[EventRounds "9"]
[EventCountry "RUS"]
[SourceTitle "EXT 2013"]
[Source "ChessBase"]
[SourceDate "2012.11.22"]
[SourceVersion "1"]
[SourceVersionDate "2012.11.22"]
[SourceQuality "1"]

1. e4 c6 2. d4 d5 3. exd5 cxd5 4. Bd3 Nf6 5. h3 Nc6 6. c3 g6 7. Nf3 Bf5 8. Ne5 Bxd3 9. Nxd3 Bg7 10. 0-0 0-0 11. Bf4 Ne4 12. Nd2 Nd6 13. Qb3 e6 14. Bxd6 Qxd6 15. Qxb7 Nxd4 16. cxd4 Rfb8 17. Ne4 Qd8 18. Qc6 Rb6 19. Nf6+ Bxf6 20. Qa4 Qe8 21. Qxe8+ Rxe8 22. Ne5 Rxb2 23. Rfc1 Bxe5 24. dxe5 Reb8 25. Rc7 R8b7 26. Rxb7 Rxb7 27. a4 a5 28. f3 Rb2 29. Kh2 g5 30. Kg3 Kg7 31. Rc1 Rb4 32. Rc7 Rxa4 33. Ra7 Ra2 34. Kh2 Re2 35. Rxa5 Rxe5 36. h4 h6 37. h5 Re1 38. g4 d4 39. Ra4 d3 40. Rd4 Rd1 41. Kg3 d2 42. Kg2 Kf6 43. Rd3 Ke5 44. Rd7 f5 45. gxf5 Kxf5 46. Rf7+ Ke5 47. Rd7 g4 48. fxg4 Kf4 49. Rd4+ Ke3 50. Rd6 Re1 51. g5 d1Q 0-1

[Event "Ulan-Ude op"]
[Site "Ulan-Ude"]
[Date "2011.01.16"]
[Round "4"]
[White "Gundavaa, Bayarsaihan"]
[Black "Kharakhinov, Aldar"]
[Result "1-0"]
[WhiteElo "2493"]
[BlackElo "2024"]
[PlyCount "103"]
[EventDate "2011.01.15"]
[EventType "swiss"]
[EventRounds "9"]
[EventCountry "RUS"]
[SourceTitle "CBM 140 Extra"]
[Source "ChessBase"]
[SourceDate "2011.03.01"]
[SourceVersion "1"]
[SourceVersionDate "2011.03.01"]
[SourceQuality "1"]

1. d4 Nf6 2. Nf3 g6 3. Bg5 Bg7 4. Nbd2 0-0 5. c3 d6 6. e4 h6 7. Bh4 c5 8. dxc5 dxc5 9. Bc4 Nc6 10. Qe2 Qc7 11. 0-0 Na5 12. Bd3 Nh5 13. Qe3 Nf4 14. Bc2 e5 15. Rfe1 Be6 16. Nf1 b5 17. Qc1 Bg4 18. N1d2 c4 19. Re3 Qc5 20. Qf1 Rab8 21. h3 Be6 22. b4 cxb3 23. axb3 b4 24. c4 Nc6 25. Ne1 a5 26. Nd3 Qb6 27. Nf3 Nh5 28. Bd1 g5 29. Nd2 Nf4 30. Bg3 Rfd8 31. Nf3 Rd7 32. Nb2 Rbd8 33. Na4 Qa7 34. Bc2 Nd4 35. Bd1 Nxf3+ 36. Bxf3 Rd2 37. Rd1 Rxd1 38. Bxd1 Qd4 39. Bf3 Bd7 40. Bxf4 Bxa4 41. Bxg5 hxg5 42. bxa4 Bf8 43. Bh5 Rb8 44. Rb3 Bc5 45. Qe2 Rb6 46. Qf3 Qxc4 47. Kh2 Be7 48. Bg4 Rf6 49. Bf5 Rc6 50. Rd3 Rb6 51. Rd7 Bf6 52. Qh5 1-0

[Event "Ulan-Ude op"]
[Site "Ulan-Ude"]
[Date "2011.01.16"]
[Round "3"]
[White "Kharakhinov, Aldar"]
[Black "Samdanov, Samdan"]
[Result "1-0"]
[WhiteElo "2024"]
[BlackElo "2101"]
[PlyCount "151"]
[EventDate "2011.01.15"]
[EventType "swiss"]
[EventRounds "9"]
[EventCountry "RUS"]
[SourceTitle "CBM 140 Extra"]
[Source "ChessBase"]
[SourceDate "2011.03.01"]
[SourceVersion "1"]
[SourceVersionDate "2011.03.01"]
[SourceQuality "1"]

1. c4 g6 2. Nc3 c5 3. Nf3 Bg7 4. g3 e6 5. Bg2 Ne7 6. 0-0 0-0 7. d4 cxd4 8. Nxd4 a6 9. e4 Nbc6 10. Be3 b6 11. Nxc6 Nxc6 12. Qd2 Ne5 13. b3 Ng4 14. Bd4 e5 15. Be3 Nxe3 16. Qxe3 Rb8 17. Rad1 f5 18. Nd5 f4 19. Qe2 h5 20. Rd3 d6 21. Kh1 Rf7 22. Rg1 Qf8 23. gxf4 exf4 24. Bf3 Kh7 25. Qf1 Be5 26. Qg2 Qh6 27. Nb4 Bb7 28. Nd5 b5 29. cxb5 axb5 30. Rc1 g5 31. Bxh5 Bxd5 32. exd5 Qxh5 33. Rh3 Qxh3 34. Qxh3+ Kg6 35. Qd3+ Kf6 36. f3 b4 37. Rc4 Ra8 38. Rc2 Rfa7 39. Qe4 Rxa2 40. Rxa2 Rxa2 41. Qxb4 g4 42. fxg4 f3 43. Kg1 Bxh2+ 44. Kf1 Kg5 45. Qe4 f2 46. Qe7+ Kxg4 47. Qe6+ Kf3 48. Qf5+ Bf4 49. Qb1 Ra8 50. Qd1+ Kg3 51. Qd3+ Kg4 52. Kxf2 Ra2+ 53. Ke1 Rb2 54. Qc4 Rb1+ 55. Ke2 Rb2+ 56. Kd3 Kg5 57. Kc3 Be5+ 58. Kb4 Rf2 59. Qc1+ Rf4+ 60. Ka5 Bd4 61. b4 Kf5 62. Qe1 Re4 63. Qg3 Rf4 64. Kb5 Bf2 65. Qd3+ Ke5 66. Kc6 Rf8 67. Qe2+ Kd4 68. Qg4+ Kd3 69. Kxd6 Bd4 70. Ke7 Rh8 71. d6 Bb6 72. Qf5+ Kc4 73. b5 Kb4 74. d7 Bc5+ 75. Ke6 Kxb5 76. Qd3+ 1-0

[Event "Sibiria Region-ch"]
[Site "Irkutsk"]
[Date "2010.05.15"]
[Round "1"]
[White "Kharakhinov, Aldar"]
[Black "Dondukov, Sengdorji"]
[Result "0-1"]
[WhiteElo "1991"]
[BlackElo "2311"]
[PlyCount "100"]
[EventDate "2010.05.15"]
[EventType "swiss"]
[EventRounds "9"]
[EventCountry "RUS"]
[SourceTitle "CBM 136 Extra"]
[Source "ChessBase"]
[SourceDate "2010.07.02"]
[SourceVersion "2"]
[SourceVersionDate "2010.07.15"]
[SourceQuality "1"]

1. c4 c6 2. g3 d5 3. Bg2 Nf6 4. Nf3 Bf5 5. 0-0 e6 6. cxd5 exd5 7. b3 Be7 8. Bb2 0-0 9. d3 a5 10. Nc3 Na6 11. Nh4 Be6 12. e4 dxe4 13. dxe4 Qxd1 14. Raxd1 Rfd8 15. e5 Nd7 16. Ne2 Ndc5 17. Nd4 Bxh4 18. Nxe6 Nxe6 19. gxh4 Nb4 20. a3 Nd3 21. Bc3 Nd4 22. Bxd4 Rxd4 23. Be4 Rad8 24. Bxd3 Rxd3 25. Rb1 Rc3 26. b4 a4 27. b5 c5 28. b6 Rxa3 29. Rb5 Rb3 30. Rxc5 Rxb6 31. Ra5 Rg6+ 32. Kh1 Ra6 33. Rxa6 bxa6 34. Ra1 Rd4 35. Rc1 f6 36. e6 Kf8 37. Rc6 a5 38. Rc5 Ke7 39. Rxa5 Kxe6 40. h5 Kd6 41. Kg2 Kc6 42. f3 Kb6 43. Ra8 Kb5 44. Ra7 Rd6 45. Kh3 Ra6 46. Rxg7 a3 47. Rxh7 a2 48. Rb7+ Ka4 49. h6 a1Q 50. h7 f5 0-1

[Event "RUS-ch Students"]
[Site "Belgorod"]
[Date "2009.10.09"]
[Round "5"]
[White "Muslimova, Yana"]
[Black "Kharakhinov, Aldar"]
[Result "1/2-1/2"]
[WhiteElo "1697"]
[BlackElo "1996"]
[PlyCount "105"]
[EventDate "2009.10.05"]
[EventType "swiss"]
[EventRounds "9"]
[EventCountry "RUS"]
[SourceTitle "EXT 2010"]
[Source "ChessBase"]
[SourceDate "2010.11.25"]
[SourceVersion "1"]
[SourceVersionDate "2010.11.25"]
[SourceQuality "1"]

1. e4 c5 2. Nf3 Nc6 3. Bb5 g6 4. 0-0 Bg7 5. c3 Nf6 6. Re1 0-0 7. h3 d6 8. d4 Bd7 9. Nbd2 Qc7 10. Nb3 b6 11. Bf4 a6 12. Bf1 e5 13. Bh2 Rad8 14. Bxa6 Nh5 15. Qc1 Nb8 16. Bf1 b5 17. g4 c4 18. gxh5 cxb3 19. h6 Bh8 20. axb3 f5 21. dxe5 fxe4 22. exd6 Qc5 23. Nd4 Nc6 24. Rxe4 Nxd4 25. cxd4 Qd5 26. Qe3 Bc6 27. Bg2 Rde8 28. Re1 Bf6 29. Be5 Bxe5 30. dxe5 Qe6 31. Rg4 Bd7 32. Qd3 Kh8 33. Bd5 Qf5 34. Qd4 Be6 35. Bxe6 Qxe6 36. Rf4 Rf5 37. Rxf5 gxf5 38. Re3 Rg8+ 39. Rg3 Rxg3+ 40. fxg3 Qxh6 41. e6+ Kg8 42. Qf4 Qxe6 43. Qd4 Qe1+ 44. Kg2 Qe2+ 45. Qf2 Qd3 46. Qf4 Qe2+ 47. Qf2 Qd3 48. Qf3 Qd2+ 49. Kf1 Qc1+ 50. Ke2 Qxb2+ 51. Kf1 Qc1+ 52. Ke2 Qb2+ 53. Kf1 1/2-1/2